| 000 | 00881nam a2200277 i 4500 | ||
|---|---|---|---|
| 001 | 000038931 | ||
| 003 | DO-SdBNP | ||
| 005 | 20251125090251.0 | ||
| 007 | ta | ||
| 008 | 130506s1986 dr 001 0 spa d | ||
| 040 |
_aDO-SdBNP _bspa _cBNPHU _erda |
||
| 041 | _aspa | ||
| 082 | 4 |
_a624.1 _bE82a _222 |
|
| 100 | 1 |
_aEstrada G., Enrique _eautor _965197 _4aut. |
|
| 245 | 1 | 3 |
_aEl análisis de costos en la ingeniería / _cEnrique Estrada G. |
| 264 | 1 |
_aSanto Domingo, República Dominicana : _bEditora Corripio, _c1986. |
|
| 300 |
_avolumen ; _c24 cm. |
||
| 336 |
_ardacontent _btexto _2txt |
||
| 337 |
_ardamedia _bsin mediación _2n |
||
| 338 |
_ardacarrier _bvolumen _2nc |
||
| 500 | _aLa biblioteca posee el volumen 1. | ||
| 590 | _aInventariado,2018/DG | ||
| 650 | 4 |
_aIngeniería civil _zPresupuestos _965198 |
|
| 910 | _aValidado. Control de calidad EMS | ||
| 942 |
_2ddc _cLBS1 |
||
| 999 |
_c38421 _d38421 |
||